[Event "6th OHRA Open"]
[Site "Amsterdam NED"]
[Date "1987.08.09"]
[Round "6"]
[White "Geller, Efim"]
[Black "Cifuentes Parada, Roberto"]
[Result "0-1"]
[WhiteElo "2515"]
[BlackElo "2490"]
[EventDate "1987.08.03"]
[PlyCount "67"]

1.e4 e5 2.Nf3 Nc6 3.Bb5 a6 4.Ba4 Nf6 5.O-O Be7 6.Re1 b5 7.Bb3 d6 8.c3 O-O 
9.h3 Be6 10.d4 Bxb3 11.axb3 exd4 12.cxd4 d5 13.e5 Ne4 14.Nc3 f5 15.exf6 
Bxf6 16.Nxe4 dxe4 17.Rxe4 Qd5 18.Rf4 Nb4 19.Be3 Rad8 20.Qd2 c5 21.dxc5 Nd3
22.Rg4 h5 23.Rg3 Nxc5 24.Qxd5+ Rxd5 25.Ng5 Nxb3 26.Rf1 Re8 27.h4 a5 28.Rf3
a4 29.Rb1 Nd2 30.Bxd2 Rxd2 31.b4 Rb2 32.Rd1 Rxb4 33.g3 Rd4 34.Rf5 0-1

[Event "6th OHRA Open"]
[Site "Amsterdam NED"]
[Date "1987.08.09"]
[Round "6"]
[White "Van der Sterren, Paul"]
[Black "Farago, Ivan"]
[Result "1/2-1/2"]
[WhiteElo "2525"]
[BlackElo "2475"]
[EventDate "1987.08.03"]
[PlyCount "107"]

1.Nf3 Nf6 2.c4 c5 3.Nc3 Nc6 4.g3 d5 5.cxd5 Nxd5 6.Bg2 Nc7 7.O-O e5 8.d3 
Be7 9.Nd2 Bd7 10.Nc4 f6 11.f4 b5 12.Ne3 exf4 13.Nf5 f3 14.Bxf3 O-O 15.
Nxe7+ Qxe7 16.Bf4 Ne6 17.Nxb5 Nxf4 18.gxf4 Rab8 19.Qc1 Kh8 20.Nc3 Nd4 21.
Qd2 Nxf3+ 22.Rxf3 Bc6 23.Rg3 Ba8 24.b3 f5 25.h3 Qd6 26.Qe3 Rfe8 27.Qf2 Rb4
28.Rf1 Qd4 29.Rc1 Qxf2+ 30.Kxf2 Rxf4+ 31.Ke1 Rh4 32.Kd2 f4 33.Rg4 Rxh3 34.
Rxf4 g5 35.Rg4 Re5 36.Rf1 Bc6 37.d4 cxd4 38.Rxd4 Kg7 39.Rd6 Rc5 40.Nd1 
Rd5+ 41.Rxd5 Bxd5 42.Rf5 Bb7 43.Rb5 Ba6 44.Rxg5+ Kf8 45.Nc3 Rh6 46.Rc5 
Rd6+ 47.Ke3 Rd7 48.Ra5 Bc8 49.Nd5 Kg7 50.Nf4 h6 51.Re5 Kf6 52.Re6+ Kf5 53.
Kf3 Rd4 54.e4+ 1/2-1/2

[Event "6th OHRA Open"]
[Site "Amsterdam NED"]
[Date "1987.08.09"]
[Round "6"]
[White "Heinbuch, Detlef"]
[Black "Peelen, Piet"]
[Result "0-1"]
[WhiteElo "2380"]
[BlackElo "2385"]
[EventDate "1987.08.03"]
[PlyCount "80"]

1.c4 e5 2.g3 d6 3.d4 exd4 4.Qxd4 Nc6 5.Qd1 Be6 6.Nd2 Nf6 7.Bg2 Qd7 8.e4 g6
9.b3 Bg7 10.Bb2 O-O 11.Ne2 Rfe8 12.f3 Bh3 13.Bxh3 Qxh3 14.Nf4 Qh6 15.Rb1 
Ne5 16.O-O c6 17.Qc2 Qg5 18.Rbe1 Nfd7 19.Kg2 a5 20.Bc3 h5 21.Nb1 Qe7 22.
Rd1 a4 23.Rf2 axb3 24.axb3 Nc5 25.h4 Red8 26.Nh3 Qc7 27.b4 Na4 28.Bd4 c5 
29.bxc5 dxc5 30.Bxe5 Bxe5 31.Rxd8+ Qxd8 32.Rd2 Qc7 33.f4 Bd4 34.Na3 Nc3 
35.Nb5 Nxb5 36.cxb5 Qa5 37.Qd3 Qa1 38.Qc4 Ra4 39.Qd5 Qe1 40.Rc2 Ra1 0-1

[Event "6th OHRA Open"]
[Site "Amsterdam NED"]
[Date "1987.08.09"]
[Round "6"]
[White "Boersma, Paulus"]
[Black "Gutman, Lev"]
[Result "0-1"]
[WhiteElo "2410"]
[BlackElo "2475"]
[EventDate "1987.08.03"]
[PlyCount "104"]

1.Nf3 Nf6 2.c4 b6 3.g3 Bb7 4.Bg2 e5 5.O-O e4 6.Ne1 h5 7.d3 h4 8.Nc3 hxg3 
9.hxg3 Qe7 10.dxe4 Qe5 11.Nd3 Qh5 12.f3 Bd6 13.Bf4 Bxf4 14.gxf4 g5 15.Kf2 
Qh4+ 16.Ke3 gxf4+ 17.Kd2 Qg5 18.Rh1 Rg8 19.Bh3 Nc6 20.Rg1 Qh4 21.Rxg8+ 
Nxg8 22.Qh1 Qe7 23.Qh2 Ne5 24.Qxf4 Nxc4+ 25.Kc2 O-O-O 26.e5 Na5 27.b4 Nc6 
28.Nd5 Qe8 29.Rg1 Nge7 30.Nf6 Qh8 31.Rh1 Qg7 32.b5 Na5 33.Qg4 Qxg4 34.Bxg4
Nc4 35.Rh7 Ne3+ 36.Kd2 Nxg4 37.Nxg4 Bd5 38.Nb4 Bc4 39.e4 Rf8 40.a4 Bb3 41.
Nc2 Bxa4 42.Nd4 c5 43.Nf5 Nxf5 44.exf5 Bxb5 45.f6 Bc6 46.Nh6 Bd5 47.Nf5 
Kc7 48.Nd6 Kc6 49.Ke3 b5 50.Kf4 b4 51.Rh1 b3 52.Nf5 Be6 0-1

[Event "6th OHRA Open"]
[Site "Amsterdam NED"]
[Date "1987.08.10"]
[Round "7"]
[White "Gavrikov, Viktor"]
[Black "Campora, Daniel Hugo"]
[Result "0-1"]
[WhiteElo "2525"]
[BlackElo "2545"]
[EventDate "1987.08.03"]
[PlyCount "154"]

1.d4 d5 2.c4 c6 3.Nc3 Nf6 4.Nf3 dxc4 5.a4 Bf5 6.e3 e6 7.Bxc4 Bb4 8.O-O O-O
9.Nh4 Nbd7 10.f3 Bg6 11.Nxg6 hxg6 12.Qb3 a5 13.Rd1 Qe7 14.Bd3 c5 15.Bb5 
Rfd8 16.Na2 cxd4 17.Nxb4 Qxb4 18.Qxb4 axb4 19.exd4 Nc5 20.Be3 Nb3 21.Rab1 
Nd5 22.Bf2 Rdc8 23.Rd3 Rc1+ 24.Rxc1 Nxc1 25.Rd1 Rc8 26.Be1 Rc2 27.Rd2 Rxd2
28.Bxd2 Nb3 29.Be1 Nxd4 30.Bd3 f5 31.a5 Kf7 32.Bf2 e5 33.a6 bxa6 34.Bxa6 
Ke6 35.Bc4 Kd6 36.Be1 Nc2 37.Bg3 Nce3 38.Bd3 g5 39.Bf2 g6 40.Be2 Kc5 41.g3
Kd4 42.Bb5 Nf6 43.Be1 Kc5 44.Be2 Kd4 45.Bf2 Nd5 46.Bb5 e4 47.fxe4 Kxe4 48.
Bc6 Ke5 49.Be1 g4 50.h3 gxh3 51.Kh2 Kd4 52.Kxh3 Kd3 53.Bf2 Kc2 54.Kh4 Kxb2
55.Kg5 b3 56.Ba4 Kc3 57.Be1+ Kc4 58.Bxb3+ Kxb3 59.Kxg6 Kc2 60.Ba5 Kd3 61.
Kg5 Ke4 62.Bd2 Kf3 63.Kh4 Nf1 64.Be1 Nde3 65.Kh3 Ng2 66.Ba5 Nxg3 67.Bc7 
Nf4+ 68.Kh2 Nf1+ 69.Kg1 Ne3 70.Bb8 Nd3 71.Bc7 Ng4 72.Bb8 Nge5 73.Bc7 Ke2 
74.Bd8 f4 75.Be7 f3 76.Bh4 Ng6 77.Bg3 Ne7 0-1

[Event "6th OHRA Open"]
[Site "Amsterdam NED"]
[Date "1987.08.10"]
[Round "7"]
[White "Rodriguez Cespedes, Amador"]
[Black "Van der Sterren, Paul"]
[Result "1-0"]
[WhiteElo "2515"]
[BlackElo "2525"]
[EventDate "1987.08.03"]
[PlyCount "65"]

1.e4 e5 2.Nf3 Nc6 3.Bb5 a6 4.Ba4 Nf6 5.O-O Be7 6.Re1 b5 7.Bb3 d6 8.c3 O-O 
9.h3 Bb7 10.d4 Re8 11.Nbd2 Bf8 12.Bc2 g6 13.d5 Nb8 14.b3 c6 15.c4 Bh6 16.
a4 b4 17.Nf1 Bxc1 18.Rxc1 a5 19.dxc6 Bxc6 20.Qd2 Ra7 21.Rcd1 Rd7 22.Qh6 
Nh5 23.Ne3 Na6 24.Ng5 f6 25.Rxd6 fxg5 26.Rxc6 Qa8 27.Rb6 Qa7 28.Nd5 Rxd5 
29.Rxg6+ hxg6 30.Qxg6+ Kf8 31.exd5 Nf4 32.Qh6+ Kg8 33.g3 1-0

[Event "6th OHRA Open"]
[Site "Amsterdam NED"]
[Date "1987.08.10"]
[Round "7"]
[White "Belkhodja, Slim"]
[Black "Ligterink, Gert"]
[Result "1/2-1/2"]
[WhiteElo "2375"]
[BlackElo "2450"]
[EventDate "1987.08.03"]
[PlyCount "36"]

1.e4 c5 2.Nf3 e6 3.b3 d6 4.Bb2 Nf6 5.Bb5+ Bd7 6.Bxd7+ Nbxd7 7.Qe2 Be7 8.
O-O O-O 9.c4 a6 10.d4 cxd4 11.Nxd4 Qc7 12.Nc3 Rfe8 13.Kh1 d5 14.cxd5 exd5 
15.Nxd5 Nxd5 16.exd5 Ba3 17.Qd2 Bxb2 18.Qxb2 Qe5 1/2-1/2

[Event "6th OHRA Open"]
[Site "Amsterdam NED"]
[Date "1987.08.10"]
[Round "7"]
[White "Carlier, Bruno"]
[Black "De Boer, Gert Jan"]
[Result "1-0"]
[WhiteElo "2380"]
[BlackElo "2390"]
[EventDate "1987.08.03"]
[PlyCount "55"]

1.e4 c6 2.d4 d5 3.exd5 cxd5 4.c4 Nf6 5.Nc3 e6 6.Nf3 Bb4 7.cxd5 Nxd5 8.Qb3 
Nc6 9.Bd3 O-O 10.O-O Nf6 11.Rd1 Be7 12.a3 b6 13.Qc2 Bb7 14.Bg5 h6 15.Bxf6 
Bxf6 16.Be4 Rc8 17.d5 exd5 18.Bf5 Ra8 19.Rxd5 Qb8 20.Ne4 Nb4 21.Nxf6+ gxf6
22.Qd2 Bxd5 23.Qxh6 Re8 24.axb4 Qb7 25.Bh7+ Kh8 26.Nh4 Qe7 27.Be4+ Kg8 28.
Qh7+ 1-0

[Event "6th OHRA Open"]
[Site "Amsterdam NED"]
[Date "1987.08.10"]
[Round "7"]
[White "Riemersma, Liafbern"]
[Black "Dlugy, Maxim"]
[Result "0-1"]
[WhiteElo "2345"]
[BlackElo "2545"]
[EventDate "1987.08.03"]
[PlyCount "70"]

1.d4 Nf6 2.c4 g6 3.Nc3 d5 4.cxd5 Nxd5 5.e4 Nxc3 6.bxc3 Bg7 7.Bc4 c5 8.Ne2 
Nc6 9.Be3 O-O 10.O-O Na5 11.Bd3 b6 12.Rc1 Bb7 13.Qd2 Rc8 14.Bh6 e6 15.h4 
Nc6 16.Bg5 Qd7 17.Bb5 a6 18.Bxc6 Bxc6 19.Qe3 Bb5 20.Rfd1 cxd4 21.Nxd4 Ba4 
22.Rd3 Qc7 23.Bh6 Bxh6 24.Qxh6 Qe5 25.Qe3 Rc4 26.Nf3 Qxe4 27.Qh6 Qxd3 28.
Ng5 Rxh4 29.Qxh4 h5 30.Ne4 Bc6 31.Nf6+ Kg7 32.Qg5 Qe2 33.f3 Rh8 34.Qh4 
Qe3+ 35.Kh2 Qe5+ 0-1

[Event "6th OHRA Open"]
[Site "Amsterdam NED"]
[Date "1987.08.10"]
[Round "7"]
[White "Winants, Luc"]
[Black "Marinkovic, Ivan"]
[Result "1-0"]
[WhiteElo "2440"]
[BlackElo "2420"]
[EventDate "1987.08.03"]
[PlyCount "55"]

1.d4 Nf6 2.c4 c5 3.d5 b5 4.a4 b4 5.g3 e5 6.dxe6 fxe6 7.Bg2 d5 8.Nh3 Na6 9.
b3 Bb7 10.Bb2 Be7 11.e3 O-O 12.Nd2 Qb6 13.O-O Rad8 14.Qc2 Bc6 15.cxd5 exd5
16.Rad1 Qb8 17.Ng5 g6 18.Ne6 Qc8 19.Nxf8 Kxf8 20.Nf3 Be8 21.Ng5 Kg7 22.
Rxd5 Rxd5 23.Bxd5 Nc7 24.Bg2 Qa6 25.Ne4 c4 26.Nxf6 Bxf6 27.Bxf6+ Kxf6 28.
bxc4 1-0

[Event "6th OHRA Open"]
[Site "Amsterdam NED"]
[Date "1987.08.10"]
[Round "7"]
[White "Gutman, Lev"]
[Black "Romero Holmes, Alfonso"]
[Result "1-0"]
[WhiteElo "2475"]
[BlackElo "2440"]
[EventDate "1987.08.03"]
[PlyCount "75"]

1.Nf3 Nf6 2.g3 g6 3.Bg2 Bg7 4.O-O O-O 5.c4 d6 6.d4 Nc6 7.h3 a6 8.Be3 Bd7 
9.Qc1 b5 10.Bh6 Na5 11.Bxg7 Kxg7 12.b3 c6 13.Nbd2 Qb6 14.e4 d5 15.c5 Qb7 
16.e5 Ne8 17.Re1 Qc8 18.h4 Nb7 19.Nf1 a5 20.h5 Nc7 21.Nh4 b4 22.f4 Nb5 23.
Qd2 Nd8 24.Ne3 Kh8 25.Bf1 Nc3 26.Bd3 Ne6 27.Bc2 g5 28.fxg5 Nxg5 29.Nxd5 
Nh3+ 30.Kh2 cxd5 31.Qh6 Ne4 32.Rxe4 dxe4 33.Bxe4 Ng5 34.Qxg5 Ra6 35.Rf1 
Bh3 36.Bf5 Bxf5 37.Nxf5 Rg8 38.Qxe7 1-0

[Event "6th OHRA Open"]
[Site "Amsterdam NED"]
[Date "1987.08.10"]
[Round "7"]
[White "Lobron, Eric"]
[Black "Murey, Jacob"]
[Result "0-1"]
[WhiteElo "2530"]
[BlackElo "2505"]
[EventDate "1987.08.03"]
[PlyCount "76"]

1.e4 e5 2.Nf3 Nc6 3.Bb5 a6 4.Ba4 Nf6 5.O-O Be7 6.Re1 b5 7.Bb3 d6 8.c3 O-O 
9.h3 Na5 10.Bc2 c5 11.d4 Re8 12.Nbd2 Bf8 13.b3 Nc6 14.Bb2 Bd7 15.a3 Qb6 
16.b4 c4 17.Nf1 a5 18.Ne3 exd4 19.cxd4 axb4 20.e5 bxa3 21.Bc3 dxe5 22.dxe5
Be6 23.exf6 g6 24.Nd5 Qd8 25.Be4 Ra6 26.Ne7+ Nxe7 27.fxe7 Bxe7 28.Qe2 Bf6 
29.Qc2 Bxc3 30.Qxc3 Qa5 31.Qxa5 Rxa5 32.Bd5 Rd8 33.Bxe6 fxe6 34.Ne5 Ra6 
35.Ra2 c3 36.Rb1 Rd2 37.Rxd2 cxd2 38.Kf1 a2 0-1

[Event "6th OHRA Open"]
[Site "Amsterdam NED"]
[Date "1987.08.10"]
[Round "7"]
[White "Mednis, Edmar John"]
[Black "Peelen, Piet"]
[Result "1-0"]
[WhiteElo "2445"]
[BlackElo "2385"]
[EventDate "1987.08.03"]
[PlyCount "73"]

1.Nf3 Nf6 2.c4 g6 3.Nc3 d5 4.cxd5 Nxd5 5.Qa4+ Bd7 6.Qh4 Bc6 7.Qd4 f6 8.e4 
Nxc3 9.bxc3 e5 10.Qe3 Nd7 11.d4 Bd6 12.a4 b6 13.Bb5 Bb7 14.O-O O-O 15.Qd3 
Qe7 16.Re1 Rad8 17.Bh6 Rfe8 18.Rad1 exd4 19.cxd4 Bxe4 20.Qb3+ Kh8 21.Bd3 
f5 22.Bxe4 fxe4 23.Ng5 Rf8 24.Bxf8 Qxg5 25.Bxd6 cxd6 26.Rxe4 Nf6 27.Re7 
Nd5 28.Rf7 Re8 29.Qf3 Kg8 30.h4 Qh5 31.Qxh5 gxh5 32.Rxa7 Nc3 33.Rd3 Re1+ 
34.Kh2 Nd5 35.Rg3+ Kf8 36.Rg5 Ne7 37.Rxh5 1-0

[Event "6th OHRA Open"]
[Site "Amsterdam NED"]
[Date "1987.08.10"]
[Round "7"]
[White "Kuijf, Marinus"]
[Black "Douven, Rudy"]
[Result "0-1"]
[WhiteElo "2430"]
[BlackElo "2425"]
[EventDate "1987.08.03"]
[PlyCount "34"]

1.e4 c6 2.d4 d5 3.exd5 cxd5 4.c4 Nf6 5.Nc3 g6 6.cxd5 Nxd5 7.Bb5+ Bd7 8.Qb3
Nb6 9.a4 a5 10.h4 Bg7 11.h5 Nc6 12.Be3 Be6 13.d5 Nxd5 14.O-O-O Nxc3 15.
Rxd8+ Rxd8 16.Qa3 Rd1+ 17.Kc2 Bf5+ 0-1

[Event "6th OHRA Open"]
[Site "Amsterdam NED"]
[Date "1987.08.10"]
[Round "7"]
[White "Heinbuch, Detlef"]
[Black "Boersma, Paulus"]
[Result "0-1"]
[WhiteElo "2380"]
[BlackElo "2410"]
[EventDate "1987.08.03"]
[PlyCount "80"]

1.c4 c5 2.Nc3 g6 3.g3 Bg7 4.Bg2 Nc6 5.Nf3 Nf6 6.O-O O-O 7.d4 cxd4 8.Nxd4 
Nxd4 9.Qxd4 d6 10.Qd3 Bf5 11.e4 Be6 12.b3 Nd7 13.Bb2 Rc8 14.Qd2 Qa5 15.
Rad1 Rfe8 16.h3 Ne5 17.f4 Bxc4 18.fxe5 Bxf1 19.Bxf1 Qxe5 20.Bc4 Qxg3+ 21.
Qg2 Qxg2+ 22.Kxg2 a6 23.a4 Rc5 24.Rf1 e6 25.Nd1 Bxb2 26.Nxb2 b5 27.axb5 
axb5 28.Bd3 Ra8 29.b4 Rc3 30.Rf2 Rb3 31.Bxb5 Rxb4 32.Bd3 Ra3 33.Bf1 Rc3 
34.Re2 Rd4 35.Kf2 Kg7 36.Kg1 Kf6 37.Rf2+ Ke7 38.Bg2 Rc1+ 39.Kh2 Rc3 40.Bf3
Rxf3 0-1

[Event "6th OHRA Open"]
[Site "Amsterdam NED"]
[Date "1987.08.11"]
[Round "8"]
[White "Dlugy, Maxim"]
[Black "Rodriguez Cespedes, Amador"]
[Result "1/2-1/2"]
[WhiteElo "2545"]
[BlackElo "2515"]
[EventDate "1987.08.03"]
[PlyCount "39"]

1.d4 Nf6 2.c4 e6 3.Nf3 b6 4.g3 Ba6 5.Qa4 c5 6.Bg2 Bb7 7.dxc5 bxc5 8.O-O 
Be7 9.Nc3 O-O 10.Bf4 d6 11.Rfd1 Qb6 12.Qb3 Rd8 13.Rd2 Nbd7 14.Rad1 Ne8 15.
Qc2 h6 16.e4 Rac8 17.h3 Bc6 18.g4 Qb7 19.Re1 Bf8 20.Re3 1/2-1/2

[Event "6th OHRA Open"]
[Site "Amsterdam NED"]
[Date "1987.08.11"]
[Round "8"]
[White "Murey, Jacob"]
[Black "Gavrikov, Viktor"]
[Result "0-1"]
[WhiteElo "2505"]
[BlackElo "2525"]
[EventDate "1987.08.03"]
[PlyCount "90"]

1.e4 c5 2.Nf3 d6 3.d4 cxd4 4.Nxd4 Nf6 5.Nc3 a6 6.Bg5 e6 7.f4 Qb6 8.Nb3 Be7
9.Qd4 Qc7 10.O-O-O Nc6 11.Qd2 O-O 12.Bxf6 gxf6 13.Bd3 Kh8 14.g4 Rg8 15.h4 
Rxg4 16.Rdg1 Rxg1+ 17.Rxg1 Qd8 18.Qd1 Nb4 19.Bf1 Bd7 20.a3 Nc6 21.Qh5 Qf8 
22.Bd3 Bd8 23.Nd2 Ne7 24.f5 exf5 25.Nc4 Bc7 26.Kb1 b5 27.Ne3 Bb6 28.Re1 
Bxe3 29.Rxe3 Qg7 30.exf5 Qg1+ 31.Nd1 Nd5 32.Re4 Bc6 33.Kc1 Qg7 34.Rd4 Re8 
35.Be4 Nf4 36.Qf3 Qh6 37.Bxc6 Ne2+ 38.Kb1 Nxd4 39.Qd5 Nxc6 40.Qxc6 Rg8 41.
Qxa6 Qxh4 42.Qxb5 Rg1 43.Qd3 Qg4 44.Kc1 h5 45.Qxd6 Kg7 0-1

[Event "6th OHRA Open"]
[Site "Amsterdam NED"]
[Date "1987.08.11"]
[Round "8"]
[White "Cifuentes Parada, Roberto"]
[Black "Farago, Ivan"]
[Result "1-0"]
[WhiteElo "2490"]
[BlackElo "2475"]
[EventDate "1987.08.03"]
[PlyCount "83"]

1.d4 Nf6 2.Nf3 e6 3.c4 b6 4.Nc3 Bb4 5.Bg5 h6 6.Bh4 g5 7.Bg3 Ne4 8.Qc2 Bb7 
9.Be5 f6 10.d5 exd5 11.cxd5 Bxc3+ 12.Bxc3 Nxc3 13.Qxc3 Bxd5 14.O-O-O Bf7 
15.h4 g4 16.Ne5 Bh5 17.Qd4 Qe7 18.Nxg4 Bxg4 19.Qxg4 Nc6 20.Qg6+ Kd8 21.Rh3
Ne5 22.Qe4 c6 23.Rc3 f5 24.Qd4 Re8 25.g3 Qe6 26.Bh3 Re7 27.e4 Qxa2 28.exf5
c5 29.Qd5 Qa1+ 30.Kc2 Nc6 31.Rxa1 Nb4+ 32.Kb3 Nxd5 33.Rd3 Nb4 34.Rd6 Kc7 
35.Rad1 Rd8 36.f6 Rf7 37.g4 Rg8 38.g5 hxg5 39.Rxd7+ Rxd7 40.Rxd7+ Kc6 41.
hxg5 Rxg5 42.f7 1-0

[Event "6th OHRA Open"]
[Site "Amsterdam NED"]
[Date "1987.08.11"]
[Round "8"]
[White "Douven, Rudy"]
[Black "Riemersma, Liafbern"]
[Result "1-0"]
[WhiteElo "2425"]
[BlackElo "2345"]
[EventDate "1987.08.03"]
[PlyCount "95"]

1.d4 Nf6 2.Nf3 g6 3.c4 Bg7 4.Nc3 O-O 5.e4 d6 6.Be2 e5 7.Be3 h6 8.dxe5 Ng4 
9.Bf4 Nxe5 10.Qd2 Kh7 11.Nd4 c5 12.Nc2 Be6 13.Ne3 Nbc6 14.O-O a6 15.Bg3 
Na5 16.b3 Nec6 17.f4 f5 18.exf5 gxf5 19.Bd3 b5 20.Bf2 b4 21.Ncd5 Bxa1 22.
Rxa1 Nd4 23.Qe1 Qd7 24.Bh4 Qg7 25.Kh1 Nac6 26.Qf1 Kh8 27.Re1 Ra7 28.g3 a5 
29.Nb6 Ne7 30.Nc2 Bg8 31.Nxd4 cxd4 32.Qh3 Bh7 33.Re6 Ng6 34.Nd5 Bg8 35.
Rxd6 Bxd5+ 36.Rxd5 Nxh4 37.Qxh4 Ra6 38.Bxf5 Raf6 39.Bd3 Qe7 40.Re5 Qb7+ 
41.Be4 Qb6 42.Qg4 Qd8 43.Bd3 Qa8+ 44.Kg1 Qb7 45.Rxa5 Rg8 46.Qh5 Qg7 47.Qe5
Rff8 48.Ra7 1-0

[Event "6th OHRA Open"]
[Site "Amsterdam NED"]
[Date "1987.08.11"]
[Round "8"]
[White "Carlier, Bruno"]
[Black "Lobron, Eric"]
[Result "1-0"]
[WhiteElo "2380"]
[BlackElo "2530"]
[EventDate "1987.08.03"]
[PlyCount "77"]

1.e4 c5 2.Nf3 d6 3.d4 cxd4 4.Nxd4 Nf6 5.Nc3 Nc6 6.Be3 e5 7.Nb3 Be7 8.Bg5 
Be6 9.Bxf6 Bxf6 10.Nd5 O-O 11.Bc4 Bg5 12.c3 Rc8 13.Qe2 Kh8 14.O-O Ne7 15.
Rad1 Ng6 16.g3 Bh6 17.Ne3 Nf4 18.gxf4 exf4 19.Bxe6 fxe6 20.Nd4 fxe3 21.
Nxe6 exf2+ 22.Kh1 Qh4 23.Nxf8 Rxf8 24.Rd3 g6 25.Rf3 Re8 26.Qxf2 Qxe4 27.
Qg2 Qe6 28.Rf7 Re7 29.Rxe7 Qxe7 30.Qd5 Bg7 31.a4 Be5 32.Qf7 Qxf7 33.Rxf7 
b6 34.Rxa7 Bf4 35.Rb7 Be3 36.b4 Kg8 37.Rd7 Bd2 38.Rxd6 Bxc3 39.Rxb6 1-0

[Event "6th OHRA Open"]
[Site "Amsterdam NED"]
[Date "1987.08.11"]
[Round "8"]
[White "Ligterink, Gert"]
[Black "Mednis, Edmar John"]
[Result "1-0"]
[WhiteElo "2450"]
[BlackElo "2445"]
[EventDate "1987.08.03"]
[PlyCount "57"]

1.d4 d5 2.c4 c6 3.Nf3 Nf6 4.Nc3 dxc4 5.e4 b5 6.e5 Nd5 7.a4 e6 8.Ng5 Qd7 9.
g3 Na6 10.Bg2 Nab4 11.O-O Bb7 12.Qg4 h6 13.Nge4 Nc2 14.Rb1 Nxd4 15.Rd1 Nf5
16.axb5 cxb5 17.Bf4 h5 18.Qe2 O-O-O 19.b3 Nxc3 20.Nxc3 Nd4 21.Rxd4 Qxd4 
22.Bxb7+ Kxb7 23.Qf3+ Kb8 24.Be3 Qd7 25.bxc4 b4 26.c5 a5 27.c6 Qe7 28.Bb6 
Kc8 29.c7 1-0

[Event "6th OHRA Open"]
[Site "Amsterdam NED"]
[Date "1987.08.11"]
[Round "8"]
[White "Van der Sterren, Paul"]
[Black "Belkhodja, Slim"]
[Result "0-1"]
[WhiteElo "2525"]
[BlackElo "2375"]
[EventDate "1987.08.03"]
[PlyCount "168"]

1.d4 Nf6 2.c4 c6 3.Nc3 d5 4.e3 g6 5.Nf3 Bg7 6.Bd3 O-O 7.O-O a6 8.b3 b5 9.
Bb2 Nbd7 10.Qe2 Bb7 11.Rac1 Qb8 12.Rfd1 Re8 13.cxd5 cxd5 14.a4 bxa4 15.
Nxa4 Ne4 16.b4 e6 17.Nc5 Ndxc5 18.dxc5 e5 19.b5 axb5 20.Bxb5 Re7 21.c6 Bc8
22.Rxd5 Be6 23.Bxe5 Bxe5 24.Rxe5 Ra2 25.Rxe6 Rxe2 26.Rxe7 Qxb5 27.Nd4 Rc2 
28.Rf1 Qc4 29.Nxc2 Nd2 30.Re1 Qxc2 31.c7 Qc6 32.h3 Kf8 33.Re5 Qxc7 34.Rd5 
Ne4 35.Rd4 Qc2 36.Rxe4 Qxe4 37.Rd1 Qc2 38.Rd4 Kg7 39.g3 Qc6 40.h4 h6 41.
Kh2 f5 42.Rf4 Qc2 43.Kg2 g5 44.hxg5 hxg5 45.Rb4 Qc6+ 46.Kg1 Kg6 47.Rd4 Kf6
48.Kh2 Ke5 49.Kg1 Qf3 50.Rd8 Qh5 51.Kg2 Qf7 52.Rd4 Qb7+ 53.Kg1 Qb1+ 54.Kg2
Qc1 55.Rb4 Qa1 56.Rc4 Qb2 57.Kg1 Qd2 58.Rd4 Qc3 59.Kg2 Kf6 60.Kg1 Kg6 61.
Rd6+ Kh5 62.Rd4 f4 63.gxf4 Qa1+ 64.Kg2 Qa8+ 65.Kg1 g4 66.f5 Qf3 67.Rf4 Qh3
68.f6 g3 69.fxg3 Qxg3+ 70.Kf1 Qxe3 71.Rf2 Qc1+ 72.Kg2 Qg5+ 73.Kf1 Qb5+ 74.
Kg1 Qb1+ 75.Kg2 Qb7+ 76.Kh2 Qf7 77.Kh3 Kg6 78.Kg3 Kh7 79.Kg4 Kg8 80.Kg5 
Kf8 81.Rf5 Qg8+ 82.Kh4 Qh7+ 83.Kg5 Kf7 84.Rf3 Qh1 0-1

[Event "6th OHRA Open"]
[Site "Amsterdam NED"]
[Date "1987.08.11"]
[Round "8"]
[White "Marinkovic, Ivan"]
[Black "Gutman, Lev"]
[Result "0-1"]
[WhiteElo "2420"]
[BlackElo "2475"]
[EventDate "1987.08.03"]
[PlyCount "82"]

1.e4 c5 2.Nf3 d6 3.d4 cxd4 4.Nxd4 Nf6 5.Nc3 a6 6.g3 e5 7.Nb3 Be6 8.Bg2 
Nbd7 9.a4 Be7 10.O-O O-O 11.a5 Rc8 12.Be3 Rc4 13.Nd2 Rc6 14.h3 Qc8 15.Qe2 
Bd8 16.Kh2 h6 17.Rfd1 Nh7 18.f4 exf4 19.gxf4 b5 20.axb6 Bxb6 21.Bxb6 Nxb6 
22.Qxa6 Qd8 23.e5 d5 24.Qd3 Qc8 25.Qa6 Qc7 26.Qa7 Qd8 27.Nf3 Nc4 28.Qd4 
Nxb2 29.Rdb1 Rc4 30.Qd2 Qc8 31.Nxd5 Bxd5 32.Qxd5 Rxc2 33.Ra2 Nd3 34.Ra4 
Rxg2+ 35.Kxg2 Qc2+ 36.Kg3 Qxb1 37.Rd4 Ne1 38.Rd1 Qg6+ 39.Kf2 Nxf3 40.Qxf3 
Re8 41.f5 Qb6+ 0-1

[Event "6th OHRA Open"]
[Site "Amsterdam NED"]
[Date "1987.08.11"]
[Round "8"]
[White "Romero Holmes, Alfonso"]
[Black "Boersma, Paulus"]
[Result "1-0"]
[WhiteElo "2440"]
[BlackElo "2410"]
[EventDate "1987.08.03"]
[PlyCount "55"]

1.e4 c6 2.c4 d5 3.exd5 Nf6 4.Nc3 cxd5 5.cxd5 Nxd5 6.Nf3 Nc6 7.d4 Bg4 8.Qb3
Bxf3 9.gxf3 Nb6 10.d5 Nd4 11.Qd1 e5 12.dxe6 fxe6 13.Be3 Bc5 14.Bg2 O-O 15.
O-O e5 16.Ne4 Nd7 17.Nxc5 Nxc5 18.f4 Nd3 19.fxe5 Nf4 20.Bxd4 Qxd4 21.Qxd4 
Ne2+ 22.Kh1 Nxd4 23.Bxb7 Rae8 24.Rad1 Ne2 25.Rfe1 Rxf2 26.Bd5+ Kf8 27.Rf1 
Rf4 28.Bc4 1-0

[Event "6th OHRA Open"]
[Site "Amsterdam NED"]
[Date "1987.08.11"]
[Round "8"]
[White "Peelen, Piet"]
[Black "De Boer, Gert Jan"]
[Result "0-1"]
[WhiteElo "2385"]
[BlackElo "2390"]
[EventDate "1987.08.03"]
[PlyCount "72"]

1.e4 c5 2.Nf3 e6 3.Nc3 d6 4.d4 cxd4 5.Nxd4 a6 6.Be3 b5 7.f4 Bb7 8.Bd3 Nd7 
9.Qf3 b4 10.Nce2 Ngf6 11.O-O Nc5 12.Ng3 h5 13.f5 e5 14.Nb3 h4 15.Nxc5 dxc5
16.Nh1 c4 17.Bxc4 Bxe4 18.Qe2 Qc7 19.Bxa6 Bxg2 20.Bd4 Bxf1 21.Rxf1 Bc5 22.
Qb5+ Nd7 23.Bxc5 Qxc5+ 24.Nf2 O-O 25.Qxc5 Nxc5 26.Bc4 Rad8 27.Ng4 Rd4 28.
Nxe5 Re4 29.Bxf7+ Rxf7 30.Nxf7 Kxf7 31.Rd1 Rc4 32.c3 bxc3 33.bxc3 Rxc3 34.
Rd4 h3 35.a4 Ra3 36.Rh4 Nxa4 0-1

[Event "6th OHRA Open"]
[Site "Amsterdam NED"]
[Date "1987.08.13"]
[Round "9"]
[White "Gavrikov, Viktor"]
[Black "Cifuentes Parada, Roberto"]
[Result "1-0"]
[WhiteElo "2525"]
[BlackElo "2490"]
[EventDate "1987.08.03"]
[PlyCount "139"]

1.e4 c5 2.Nf3 d6 3.d4 cxd4 4.Nxd4 Nf6 5.Nc3 Nc6 6.Bg5 Bd7 7.Qd2 Rc8 8.
O-O-O Nxd4 9.Qxd4 Qa5 10.Bd2 a6 11.f3 e5 12.Qd3 Be6 13.a3 Qc7 14.Kb1 Be7 
15.Bg5 Nxe4 16.Nxe4 d5 17.Bxe7 dxe4 18.Qxe4 Qxe7 19.Re1 Rc5 20.Bd3 f5 21.
Qe3 a5 22.b4 axb4 23.axb4 Rd5 24.Bc4 Qxb4+ 25.Qb3 Qxb3+ 26.cxb3 Rd6 27.
Rxe5 Kf7 28.Rxf5+ Kg6 29.Bxe6 Rxe6 30.Rc5 Rd8 31.Rhc1 Rdd6 32.R1c2 Kf6 33.
Kb2 h6 34.h4 g6 35.Rb5 b6 36.Ka3 h5 37.Rc4 Rd2 38.Rg5 Ke7 39.Rc7+ Kf6 40.
f4 Rd4 41.g3 Rd3 42.Rb7 Rc6 43.Ka4 Re6 44.b4 Rc3 45.Kb5 Rb3 46.Kc4 Rbe3 
47.Rc7 Rd6 48.Rc8 Rf3 49.Kb5 Rb3 50.f5 gxf5 51.Rf8+ Ke7 52.Rfxf5 Rd4 53.
Rg7+ Ke6 54.Rxh5 Rbxb4+ 55.Ka6 Rg4 56.Rh6+ Kf5 57.Rf7+ Ke5 58.Rf3 Rb1 59.
h5 Rh1 60.Rh8 Rh3 61.h6 Rg6 62.h7 Rgh6 63.Rf7 Ke6 64.Rb7 Kf5 65.Rf8+ Ke5 
66.Rh8 Kf5 67.Rc7 Ke5 68.g4 b5+ 69.Ka7 Kf4 70.Rf7+ 1-0

[Event "6th OHRA Open"]
[Site "Amsterdam NED"]
[Date "1987.08.13"]
[Round "9"]
[White "Dlugy, Maxim"]
[Black "Hort, Vlastimil"]
[Result "1/2-1/2"]
[WhiteElo "2545"]
[BlackElo "2570"]
[EventDate "1987.08.03"]
[PlyCount "41"]

1.d4 Nf6 2.c4 e6 3.Nf3 Bb4+ 4.Nbd2 b6 5.a3 Bxd2+ 6.Qxd2 Bb7 7.e3 d6 8.b4 
Nbd7 9.Bb2 a5 10.Be2 axb4 11.axb4 Rxa1+ 12.Bxa1 O-O 13.O-O Qe7 14.Qc2 Ra8 
15.Nd2 Nf8 16.Bc3 Ng6 17.f4 Ra3 18.Qb2 Ra7 19.Bf3 Bxf3 20.Rxf3 d5 21.Rf1 
1/2-1/2

[Event "6th OHRA Open"]
[Site "Amsterdam NED"]
[Date "1987.08.13"]
[Round "9"]
[White "Rodriguez Cespedes, Amador"]
[Black "Carlier, Bruno"]
[Result "1-0"]
[WhiteElo "2515"]
[BlackElo "2380"]
[EventDate "1987.08.03"]
[PlyCount "73"]

1.e4 c5 2.Nf3 Nc6 3.d4 cxd4 4.Nxd4 Qb6 5.Nb3 Nf6 6.Nc3 e6 7.Bd3 Be7 8.O-O 
d6 9.Be3 Qc7 10.f4 a6 11.Qe2 O-O 12.g4 Re8 13.g5 Nd7 14.Rf3 g6 15.Raf1 b5 
16.Rh3 b4 17.Nd1 Bf8 18.Nf2 Bg7 19.Ng4 d5 20.Nh6+ Bxh6 21.Rxh6 dxe4 22.
Bxe4 Bb7 23.Qg2 Rab8 24.Qh3 Nf8 25.Nc5 Bc8 26.Bd3 e5 27.f5 Nd4 28.Bxd4 
exd4 29.Ne4 Rxe4 30.Bxe4 Qe7 31.Rh4 Qxg5+ 32.Rg4 Qe7 33.f6 Qc5 34.Qh6 Ne6 
35.Bxg6 d3+ 36.Kh1 fxg6 37.f7+ 1-0

[Event "6th OHRA Open"]
[Site "Amsterdam NED"]
[Date "1987.08.13"]
[Round "9"]
[White "Belkhodja, Slim"]
[Black "Douven, Rudy"]
[Result "1/2-1/2"]
[WhiteElo "2375"]
[BlackElo "2425"]
[EventDate "1987.08.03"]
[PlyCount "66"]

1.e4 c5 2.Nf3 a6 3.c3 d5 4.exd5 Qxd5 5.d4 e6 6.Be2 Nf6 7.O-O Be7 8.Ne5 
cxd4 9.cxd4 Qd8 10.Nc3 Nc6 11.Be3 Nb4 12.Qa4+ Bd7 13.Nxd7 Qxd7 14.Bb5 Nc6 
15.Bxc6 bxc6 16.Rac1 O-O 17.Ne2 Rfc8 18.Nf4 Qb7 19.Nd3 Qb5 20.Qc2 Nd5 21.
Qc4 Bd6 22.Rfe1 Rab8 23.b3 Nb6 24.Qc2 a5 25.a4 Qh5 26.Bf4 Bxf4 27.Nxf4 Qg5
28.g3 Qd8 29.Re5 Nd7 30.Re3 Nf6 31.Re5 Nd7 32.Re3 Nf6 33.Re5 Nd7 1/2-1/2